000 01375cam a22004574i 4500
003 PE-LiUPU
005 20250731165622.0
008 150616s r 000 0 d
035 _a(Sirsi) a6124
035 _a(Sirsi) a6124
040 _aPE-LiUPU
_bspa
_cPE-LiUPU
_erda
049 _aPRUA
082 0 4 _a220.248
_bB15
_221
245 0 2 _aA Handy Concordance of the Septuagint /
_ccompilado por S. Bagster & Sons
264 1 _aLondon :
_bSamuel Bagster & Sons Limited,
_c1970.
300 _a284 páginas ;
_c21 cm.
336 _atext
_2rdacontent
337 _aunmediated
_2rdamedia
338 _avolume
_2rdacarrier
505 0 _aConcordancia Septuaginta.
526 _aSEG44
526 _aSEG26
526 _aP151
526 _aP150
526 _aP149
526 _aP146
526 _aP145
526 _aP126
526 _aP125
526 _aP92
526 _aP75
526 _aP74
526 _aP27
526 _aP15
630 _aBiblia.
_pA.T.
_lGriego.
_sSeptuaginta
_vConcordancias.
910 _ajck
942 _2ddc
_cBOOK
949 _aRC 220.248 B15
_wDEWEY
_c1
_i14029
_lRC
_mBUL
_r0
_sY
_tBOOK
_u2015-6-16
_xTEOLOGIA
_zUNKNOWN
_0COMPRA
_o.CIRCNOTE. No olvidar cambiar la fecha de devolución!!!!!!!
_o.STAFF. Colección General
999 _c57224
_d57224
980 _81
_gALBERTO SANCHEZ Responsable de Automatización